[Event "Gran Canaria-ch U16"]
[Site "Gran Canaria"]
[Date "2014.03.21"]
[Round "2.5"]
[White "Suarez Buceta, Melquiades"]
[Black "Gonzalez Gonzalez, Aythami"]
[Result "1-0"]
[WhiteElo "1326"]
[BlackElo "1200"]
[PlyCount "51"]
[EventDate "2014.03.21"]
[EventType "swiss"]
[EventRounds "4"]
[EventCountry "ESP"]
[SourceTitle "EXT 2024"]
[Source "ChessBase"]
[SourceDate "2023.10.10"]
[SourceVersion "1"]
[SourceVersionDate "2023.10.10"]
[SourceQuality "1"]

1. c4 e6 2. Nc3 Nc6 3. g3 Nd4 4. e3 Nc6 5. d4 d5 6. cxd5 exd5 7. Bg2 Be6 8. Nge2 Bb4 9. 0-0 Bxc3 10. bxc3 Bg4 11. Qc2 Bxe2 12. Qxe2 Nf6 13. Ba3 Ne4 14. c4 Nf6 15. Rad1 dxc4 16. Qxc4 Qd7 17. Rc1 0-0-0 18. d5 Ne5 19. Qb3 Kb8 20. d6 c6 21. f4 Neg4 22. Bxc6 Qc8 23. Bg2 Qd7 24. Rc7 Qxc7 25. dxc7+ Kxc7 26. Qxb7# 1-0